Financial Management (Record no. 650)

MARC details
000 -LEADER
fixed length control field 00428nam a22001817a 4500
005 - DATE AND TIME OF LATEST TRANSACTION
control field 20180703162638.0
008 - FIXED-LENGTH DATA ELEMENTS--GENERAL INFORMATION
fixed length control field 160512b xxu||||| |||| 00| 0 eng d
020 ## - INTERNATIONAL STANDARD BOOK NUMBER
ISBN 978-81-7994-520-7
041 ## - LANGUAGE CODE
Language code of text/sound track or separate title eng
082 ## - DEWEY DECIMAL CLASSIFICATION NUMBER
Item number 1672
Classification number 658.15
100 ## - MAIN ENTRY--AUTHOR NAME
Personal name Kishore, Ravi M
245 ## - TITLE STATEMENT
Title Financial Management
250 ## - EDITION STATEMENT
Edition statement 7TH ED.
260 ## - PUBLICATION, DISTRIBUTION, ETC. (IMPRINT)
Place of publication New Delhi
Name of publisher Taxmament,
300 ## - PHYSICAL DESCRIPTION
Number of Pages 1294P,
650 ## - SUBJECT ADDED ENTRY--TOPICAL TERM
Topical Term Management
942 ## - ADDED ENTRY ELEMENTS (KOHA)
Koha item type Books
Holdings
Lost status Damaged status Collection code Home library Shelving location Date acquired Cost, normal purchase price Full call number Accession Number Koha item type Current library
    MANAGEMENT JRU Library SHELF-60-I 12/05/2016 540.00 658.15 1672 Books  
    MANAGEMENT JRU Library SHELF-60-I 12/05/2016 540.00 658.15 1673 Books JRU Library
      JRU Library SHELF-18-G 12/05/2016 540.00 658.15 1674 Books  
      JRU Library SHELF-28-G 12/05/2016 540.00 658.15 1675 Books  
    MANAGEMENT JRU Library SHELF-60-I 12/05/2016 540.00 658.15 1676 Books  
    MANAGEMENT JRU Library SHELF-60-I 12/05/2016 540.00 658.15 1677 Books